000 00725nam a2200289Ia 4500
005 20260324111425.0
008 008 260324s9999 xx 000 0 eng d
020 _a9781032664378
037 _aEBOOK
040 _aCRL
040 _beng
040 _cCRL
041 _2eng
041 _aeng
084 _qCRL
100 _aVictoria Kammin; Julie Russell
_91138505
245 0 _aMusic Therapy in Children’s Palliative Care
245 0 _bCollaborative Family and Practitioner Voices
260 _bTaylor and Francis
260 _c2025
365 _a
365 _b230
856 _uhttp://www.taylorfrancis.com/books/9781032664378
942 _cEBOOK
999 _c1727323
_d1727323